Successful project management (Record no. 106329)

MARC details
000 -LEADER
fixed length control field 01675cam a2200253 4500
001 - CONTROL NUMBER
control field L136134
008 - FIXED-LENGTH DATA ELEMENTS--GENERAL INFORMATION
fixed length control field 070112n2005 000 0 eng u
020 ## - INTERNATIONAL STANDARD BOOK NUMBER
International Standard Book Number 047168032
-- 9780471680321
035 ## - SYSTEM CONTROL NUMBER
System control number (Sirsi) u136134
041 0# - LANGUAGE CODE
Language code of text/sound track or separate title eng
050 04 - LIBRARY OF CONGRESS CALL NUMBER
Classification number 658.404 $2 18
100 1# - MAIN ENTRY--PERSONAL NAME
Personal name Rosenu, Milton D.
245 00 - TITLE STATEMENT
Title Successful project management
Remainder of title a step by step approach with practical examples
260 ## - PUBLICATION, DISTRIBUTION, ETC.
Place of publication, distribution, etc. Hoboken
Name of publisher, distributor, etc. Wiley
Date of publication, distribution, etc. 2005
300 ## - PHYSICAL DESCRIPTION
Extent xix, 360p.
Dimensions 24cm.
505 2# - FORMATTED CONTENTS NOTE
Formatted contents note Projects, project management, and program management -- Linking the project to the product -- Balancing competing demands with the triple constraint -- Contracts, negotiations and proposals -- Planning the project -- The work breakdown structure -- Scheduling -- Time estimating and compressing the schedule -- Cost estimating and budgeting -- The impact of limiting resources -- Project risk and issues management -- organisational design for delivering projects -- Building the project team -- Organising the support team -- The role of the project manager -- Practical tips for project managers -- Essentials of project control --Project reviews -- Project cost reports -- Handling project changes -- Solving the inevitable problems -- Closing the contract -- Final wrap-up -- Small projects -- New product development projects -- Project management software
520 ## - SUMMARY, ETC.
Summary, etc. Discusses how to define the goals of a project, managing resources and the people who work on the project, controlling the project and the completion of the project.
590 ## - LOCAL NOTE (RLIN)
Local note KA
651 #4 - SUBJECT ADDED ENTRY--GEOGRAPHIC NAME
Geographic name International
690 ## - LOCAL SUBJECT ADDED ENTRY--TOPICAL TERM (OCLC, RLIN)
Topical term or geographic name as entry element Project management
9 (RLIN) 6261
700 1# - ADDED ENTRY--PERSONAL NAME
Personal name Githens, Gregory D.
942 ## - ADDED ENTRY ELEMENTS (KOHA)
Suppress in OPAC 0
Holdings
Withdrawn status Lost status Source of classification or shelving scheme Damaged status Not for loan Home library Current library Shelving location Date acquired Cost, normal purchase price Total Checkouts Full call number Barcode Date last seen Date last checked out Copy number Cost, replacement price Price effective from Koha item type
    Dewey Decimal Classification     London London Books 02/02/2007 52.50 11 658.404 ROS 30073606 06/08/2019 19/11/2009 1 52.50 06/08/2019 Book